Ανάλυση χρηματοοικονομικών καταστάσεων

Αποθηκεύτηκε σε:
Λεπτομέρειες βιβλιογραφικής εγγραφής
Κύριος συγγραφέας: Κάντζος, Κωνσταντίνος
Μορφή: Βιβλίο
Γλώσσα:Greek
Δημοσίευση: Αθήνα : Interbooks, 1997
Έκδοση:2η έκδ.
Θέματα:
Ετικέτες: Προσθήκη ετικέτας
Δεν υπάρχουν, Καταχωρήστε ετικέτα πρώτοι!

MARC

LEADER 00000cam a2200000 i 4500
001 1/59230
008 020304s1997 gre d
020 |z 960-390-024-0 
035 |l 10000466 
040 |a GR-MY-UA  |b gre  |e aacr 
041 0 |a gre 
082 0 |a 658.15 
100 1 |a Κάντζος, Κωνσταντίνος. 
245 1 0 |a Ανάλυση χρηματοοικονομικών καταστάσεων /  |c Κ. Κάντζου 
250 |a 2η έκδ. 
260 |a Αθήνα :   |b Interbooks,   |c 1997 
504 |a Περιλαμβάνει ευρετήριο 
650 0 0 |a Finance. 
650 0 0 |a Business enterprises  |x Finance. 
852 |a INST  |b CHIOS  |e 20020304  |h 658.15 ΚΑΝ  |p 005200019968  |q 005200019968  |t BK  |y 0 
901 |a BIBL2-2002-1 
909 |a Χ  |b 099834 
970 |a ΣΑΛΑΜΟΥΡΑ  |b ΜΑΡΙΑ  |z 2002/02/04